| 000 | 01070cam a2200253 4500 | ||
|---|---|---|---|
| 001 | ABS68417 | ||
| 008 | 041125n2004 000 0 eng u | ||
| 035 | _a(Sirsi) u128146 | ||
| 100 | _aFoyle, J. | ||
| 245 | _aSticking plaster | ||
| 260 | _c2004 | ||
| 490 |
_aArchitects' Journal _v220(18) 11 November 2004, 40-42(3) |
||
| 520 | _aFifth in a series of articles on the history and conservation of building materials. Looks at the development and use of plaster and stucco. Outlines the history of its use. Defines plaster as mouldable but usually level cementing material and stucco as a hard external render. Looks at the case study of Llanfair Cilgedin Church, Gwent, examining use of plasterwork and techniques used in recent restoration. (See also Abs67998, Abs68102, Abs68202 and Abs68306). | ||
| 590 | _aABS | ||
| 590 | _aABS | ||
| 650 | _aBUILDING MATERIALS | ||
| 650 | _aHISTORICAL BUILDINGS | ||
| 650 | _aPLASTER | ||
| 650 | _aSTUCCO | ||
| 650 | _aRENDER | ||
| 650 | _aBUILDING RESTORATION | ||
| 690 | _aBUILDING CONSERVATION | ||
| 942 | _n0 | ||
| 999 |
_c118378 _d118378 |
||